000 00892nam a2200253Ia 4500
003 OSt
005 20220923212627.0
006 a|||||r|||| 00| 0
007 ta
008 220922b |||||||| |||| 00| 0 hin d
024 _a154,669
037 _cTextual
040 _aARTS
_cARTS
_bhin
041 _2hin
_ahin
082 _aO1520m42,1:gN, M4
100 _aवर्मा, सत्य भूषण
245 0 _aजापानी हाइकु और आधुनिक हिन्दी कविता
246 _aJāpānī hāiku aur ādhunik hindī kavitā
260 _aमेरठ
_b हिन्दी विकास पीठ
_c1984
300 _a174 पृ.
_ccm.
650 _aहिन्दी साहित्य
_9156264
942 _hO1520m42,1:gN, M4
_cTEXL
_2CC
999 _c310291
_d310291